| 000 | 00936nam a2200253 i 4500 | ||
|---|---|---|---|
| 001 | 103017 | ||
| 003 | ES-MaACL | ||
| 005 | 20250814033434.0 | ||
| 007 | t| | ||
| 008 | 051227s1839 sp ||||1| spa d | ||
| 080 | _a55/59 | ||
| 100 | 1 |
_aTornos, Lucas de. _9110673 |
|
| 245 | 1 | 0 |
_aCompendio de historia natural : _bdividido en los tres ramos de mineralogía, botánica y zoología / _cpor el Doctor Don Lucas de Tornos. |
| 260 |
_aMadrid : _b[s.n.], _c1839 ( _fImp. de Salvador Albert) |
||
| 300 |
_a1 v. (pag. var., 3 h. pleg. de lám.) ; _c20 cm. |
||
| 530 | _aDisponible en formato digital. | ||
| 650 | 7 |
_aCiencias naturales _2embne _910984 |
|
| 650 | 4 |
_aMineralogía. _915053 |
|
| 650 | 7 |
_aBotánica _2embne _910610 |
|
| 650 | 7 |
_aZoología _2embne _917868 |
|
| 852 | 4 |
_aES-MaACL _jG-12817 |
|
| 856 | 4 |
_uhttp://bdh-rd.bne.es/viewer.vm?id=0000076790&page=1 _zBiblioteca Digital Hispánica |
|
| 999 |
_c103017 _d103017 |
||